Understanding adjustment and behavior (Record no. 1365487)

MARC details
000 -LEADER
fixed length control field 00657nam a2200229Ia 4500
005 - DATE AND TIME OF LATEST TRANSACTION
control field 20250508160604.0
008 - FIXED-LENGTH DATA ELEMENTS--GENERAL INFORMATION
fixed length control field 008 250505s9999 xx 000 0 eng d
037 ## - SOURCE OF ACQUISITION
Stock number Textual
040 ## - CATALOGING SOURCE
Original cataloging agency FEDL
Language of cataloging eng
Transcribing agency FEDL
041 ## - LANGUAGE CODE
Language code of text/sound track or separate title eng
Source of code eng
084 ## - COLON CLASSIFICATION NUMBER
Classification number 150, HAA
Assigning agency FEDL
100 ## - MAIN ENTRY--PERSONAL NAME
Personal name Haas Kurt
9 (RLIN) 88910
245 #0 - TITLE STATEMENT
Title Understanding adjustment and behavior
250 ## - EDITION STATEMENT
Edition statement 2nd
260 ## - PUBLICATION, DISTRIBUTION, ETC.
Place of publication, distribution, etc. New Jersey, USA
Name of publisher, distributor, etc. Prentice-Hall
Date of publication, distribution, etc. 1970
300 ## - PHYSICAL DESCRIPTION
Extent xiv,519p.
365 ## - TRADE PRICE
Price type code USD
Price amount 8.95
490 ## - SERIES STATEMENT
Series statement Prentice-Hall series in clinical and social psychology and personality
650 ## - SUBJECT ADDED ENTRY--TOPICAL TERM
Topical term or geographic name entry element Psychology
942 ## - ADDED ENTRY ELEMENTS (KOHA)
Koha item type Textual
Classification part 150, HAA
Holdings
Withdrawn status Lost status Damaged status Not for loan Home library Current library Date acquired Cost, normal purchase price Total Checkouts Full call number Barcode Date last seen Price effective from Koha item type
        Department of Education Library Department of Education Library 2025-05-08 8.95   150, HAA EL0052035 2025-05-08 2025-05-08 Textual
Copyright @ Delhi University Library System